Statistics for Countries That Begin With A 'I'

Click here to take the quiz!

General Stats

  • This quiz has been taken 149 times
  • The average score is 6 of 8

Answer Stats

Answer% Correct
Indonesia
90%
Iceland
84%
India
84%
Ireland
83%
Iran
79%
Iraq
79%
Italy
72%
Israel
59%

Score Distribution

Percentile by Number Answered

Percent of People with Each Score

Your Score History

You have not taken this quiz